|
|
|
|
| LEADER |
01575nam a2200337 a 4500 |
| 001 |
42065 |
| 003 |
BD-DhAAL |
| 008 |
240111t2009 njuab b 001 0 eng d |
| 010 |
|
|
|a 2009017410
|
| 020 |
|
|
|a 9781848211353 (hbk.)
|
| 040 |
|
|
|a DLC
|c DLC
|d DLC
|d BD-DhAAL
|
| 041 |
1 |
|
|a eng
|
| 042 |
|
|
|a pcc
|
| 050 |
0 |
0 |
|a TJ808
|b .N6913 2009
|
| 082 |
0 |
0 |
|a 621.042
|2 22
|
| 245 |
1 |
0 |
|a Renewable energies /
|c edited by Jean-Claude Sabonnadière.
|
| 246 |
|
|
|a Renewable energy technologies
|
| 260 |
|
|
|a Hoboken, NJ :
|b ISTE Ltd/John Wiley & Sons,
|c 2009.
|
| 300 |
|
|
|a xxii, 477 pages :
|b illustrations, maps ;
|c 24 cm.
|
| 504 |
|
|
|a Includes bibliographical references and index.
|
| 526 |
|
|
|a EEE
|
| 541 |
|
|
|a Trim Education
|e 42065, 42066, 42067
|
| 650 |
|
0 |
|a Renewable energy sources.
|
| 650 |
|
0 |
|a Electrical engineering.
|
| 700 |
1 |
|
|a Sabonnadière, Jean-Claude.
|9 55921
|
| 852 |
|
|
|a Ayesha Abed Library
|c General Stacks
|
| 942 |
|
|
|2 ddc
|c BK
|
| 999 |
|
|
|c 46240
|d 46240
|
| 952 |
|
|
|0 0
|1 0
|2 ddc
|4 0
|6 621_042000000000000_REN
|7 0
|9 74934
|a BRACUL
|b BRACUL
|c GEN
|d 2024-01-10
|e Trim Education
|g 24300.00
|l 2
|m 3
|o 621.042 REN
|p 3010042067
|r 2026-01-08
|s 2025-10-19
|t 3
|v 24300.00
|w 2024-01-10
|y BK
|
| 952 |
|
|
|0 0
|1 0
|2 ddc
|4 0
|6 621_042000000000000_REN
|7 0
|9 74935
|a BRACUL
|b BRACUL
|c GEN
|d 2024-01-10
|e Trim Education
|g 24300.00
|l 3
|m 25
|o 621.042 REN
|p 3010042066
|r 2025-03-05
|s 2024-11-17
|t 2
|v 24300.00
|w 2024-01-10
|y BK
|
| 952 |
|
|
|0 0
|1 0
|2 ddc
|4 0
|6 621_042000000000000_REN
|7 0
|9 74936
|a BRACUL
|b BRACUL
|c GEN
|d 2024-01-10
|e Trim Education
|g 24300.00
|l 3
|m 22
|o 621.042 REN
|p 3010042065
|r 2025-11-04
|s 2025-10-21
|t 1
|v 24300.00
|w 2024-01-10
|y BK
|